[Event "Steinfurt Bezirksklasse 1718"]
[Site "Germany"]
[Date "2017.10.07"]
[Round "1.2"]
[White "Schmiemann, Karlheinz"]
[Black "Ortmeier, Peter"]
[Result "0-1"]
[WhiteElo "1383"]
[BlackElo "1604"]
[PlyCount "98"]
[EventDate "2017.10.07"]
[EventType "team-tourn"]
[EventRounds "7"]
[EventCountry "GER"]
[SourceTitle "EXT 2019"]
[Source "ChessBase"]
[SourceDate "2018.10.10"]
[SourceVersion "1"]
[SourceVersionDate "2018.10.10"]
[SourceQuality "1"]
[WhiteTeam "Rheine Klein Berlin III"]
[BlackTeam "Emsdetten Rochade VI"]
[WhiteTeamCountry "GER"]
[BlackTeamCountry "GER"]

1. e4 c5 2. Nf3 d6 3. d4 cxd4 4. Nxd4 Nf6 5. Nc3 a6 6. h3 e6 7. Bd3 Be7 8. 0-0 0-0 9. Be3 Nbd7 10. Qd2 Qc7 11. f4 b5 12. a3 Bb7 13. Nf3 Rad8 14. Qf2 Nc5 15. Rad1 Bxe4 16. Bxc5 dxc5 17. Bxe4 Qxf4 18. Nh2 Qxf2+ 19. Kxf2 b4 20. axb4 cxb4 21. Bxh7+ Kxh7 22. Ne2 Bc5+ 23. Ke1 Rxd1+ 24. Kxd1 Nd5 25. Rf3 Ne3+ 26. Kc1 Rd8 27. Kb1 Rd1+ 28. Nc1 Nxg2 29. Rd3 Rxd3 30. Nxd3 Bd6 31. Nf3 Nf4 32. Nxf4 Bxf4 33. c3 Bd6 34. c4 Kg6 35. Kc2 f5 36. Kd3 Kf6 37. Kd4 g5 38. c5 Bc7 39. b3 g4 40. hxg4 fxg4 41. Nh4 g3 42. Ke4 Ke7 43. Kd4 Kd7 44. Ng2 Kc6 45. Kc4 a5 46. Kd4 e5+ 47. Kc4 Bb8 48. Ne1 Ba7 49. Nf3 Bxc5 0-1

[Event "Muensterland Verbandsklasse 1617"]
[Site "Germany"]
[Date "2017.03.04"]
[Round "7.8"]
[White "Schmiemann, Karlheinz"]
[Black "Thomann, Henning"]
[Result "1-0"]
[WhiteElo "1354"]
[BlackElo "1288"]
[PlyCount "99"]
[EventDate "2016.09.24"]
[EventType "team"]
[EventRounds "9"]
[EventCountry "GER"]
[SourceTitle "EXT 2018"]
[Source "ChessBase"]
[SourceDate "2017.10.13"]
[SourceVersion "1"]
[SourceVersionDate "2017.10.13"]
[SourceQuality "1"]
[WhiteTeam "Rheine Klein Berlin II"]
[BlackTeam "Neuenkirchen II"]
[WhiteTeamCountry "GER"]
[BlackTeamCountry "GER"]

1. e4 d5 2. exd5 Qxd5 3. Nc3 Qa5 4. d4 Nf6 5. Qd3 Bg4 6. Qb5+ Qxb5 7. Bxb5+ c6 8. Bd3 Nbd7 9. Bf4 e6 10. a3 Rd8 11. Nge2 Bxe2 12. Nxe2 Be7 13. 0-0 0-0 14. Rad1 Nd5 15. Be3 a6 16. Be4 Nxe3 17. fxe3 Bg5 18. Rd3 f5 19. Bf3 e5 20. dxe5 Nxe5 21. Rb3 Rd7 22. Nd4 Rf6 23. Be2 g6 24. Nf3 Nxf3+ 25. Rxf3 Kg7 26. Rd3 Rxd3 27. cxd3 Re6 28. Kf2 c5 29. a4 Bf6 30. b3 Rb6 31. Bd1 Rb4 32. Bc2 Bc3 33. e4 fxe4 34. dxe4 Rd4 35. Rxc3 b6 36. Re3 Kf6 37. Bd3 a5 38. e5+ Ke7 39. Bc4 Rf4+ 40. Rf3 Re4 41. e6 Rxc4 42. bxc4 Kxe6 43. Rd3 Ke5 44. Ke3 Ke6 45. Ke4 Kf6 46. Kd5 h5 47. Kc6 b5 48. Kxb5 g5 49. Kxa5 Ke7 50. Kb5 1-0

[Event "Steinfurt Bezirksklasse 1617"]
[Site "Germany"]
[Date "2017.01.14"]
[Round "5.3"]
[White "Nieland, Helmut"]
[Black "Schmiemann, Karlheinz"]
[Result "0-1"]
[WhiteElo "1254"]
[BlackElo "1383"]
[PlyCount "56"]
[EventDate "2016.09.17"]
[EventType "team"]
[EventRounds "10"]
[EventCountry "GER"]
[SourceTitle "EXT 2018"]
[Source "ChessBase"]
[SourceDate "2017.10.13"]
[SourceVersion "1"]
[SourceVersionDate "2017.10.13"]
[SourceQuality "1"]
[WhiteTeam "Emsdetten Rochade VI"]
[BlackTeam "Rheine Klein Berlin III"]
[WhiteTeamCountry "GER"]
[BlackTeamCountry "GER"]

1. e4 e5 2. Nf3 Nc6 3. Bc4 Bc5 4. 0-0 Nf6 5. Qe2 0-0 6. a3 d6 7. h3 a6 8. Nc3 Be6 9. Bxe6 fxe6 10. d3 Nd4 11. Nxd4 exd4 12. Nd1 e5 13. Bg5 Qe8 14. b4 Ba7 15. Nb2 b5 16. a4 Bb6 17. Rfc1 Qg6 18. Bxf6 Qxf6 19. f3 Qf4 20. Nd1 Rae8 21. a5 Ba7 22. Nf2 Re6 23. Ng4 Rg6 24. Kf1 h5 25. Nf2 Qh2 26. g4 Qg3 27. Ke1 Rxf3 28. Kf1 Rgf6 0-1

[Event "Steinfurt Bezirksklasse 1617"]
[Site "Germany"]
[Date "2016.11.19"]
[Round "3.3"]
[White "Schmiemann, Karlheinz"]
[Black "Altenaehr, Johannes"]
[Result "1/2-1/2"]
[WhiteElo "1383"]
[BlackElo "1370"]
[PlyCount "62"]
[EventDate "2016.09.17"]
[EventType "team"]
[EventRounds "10"]
[EventCountry "GER"]
[SourceTitle "EXT 2018"]
[Source "ChessBase"]
[SourceDate "2017.10.13"]
[SourceVersion "1"]
[SourceVersionDate "2017.10.13"]
[SourceQuality "1"]
[WhiteTeam "Rheine Klein Berlin III"]
[BlackTeam "Rheine CC"]
[WhiteTeamCountry "GER"]
[BlackTeamCountry "GER"]

1. e4 d6 2. d4 Nd7 3. Nf3 g6 4. Bc4 f6 5. Nc3 Nb6 6. Bb3 Bg4 7. h3 Bxf3 8. Qxf3 c6 9. Be6 Bg7 10. d5 Nc4 11. Qe2 Ne5 12. f4 Nf7 13. g4 Qc7 14. h4 Nd8 15. Bxg8 Rxg8 16. Bd2 a6 17. 0-0-0 c5 18. f5 b5 19. b3 c4 20. h5 g5 21. Kb1 Qc5 22. Qe3 Qa3 23. Bc1 Qa5 24. h6 Bf8 25. Qd4 Nf7 26. Rdg1 Ne5 27. Rg3 Rc8 28. Bd2 b4 29. Na4 cxb3 30. axb3 Qc7 31. Rc1 a5 1/2-1/2

[Event "Muensterland Verbandsklasse-B 1112"]
[Site "Germany"]
[Date "2011.10.08"]
[Round "2.8"]
[White "Schmitt, Konrad"]
[Black "Schmiemann, Karlheinz"]
[Result "1/2-1/2"]
[WhiteElo "1761"]
[BlackElo "1376"]
[PlyCount "93"]
[EventDate "2011.09.17"]
[EventType "team-tourn"]
[EventRounds "9"]
[EventCountry "GER"]
[SourceTitle "EXT 2013"]
[Source "ChessBase"]
[SourceDate "2012.11.22"]
[SourceVersion "1"]
[SourceVersionDate "2012.11.22"]
[SourceQuality "1"]
[WhiteTeam "Muenster IV"]
[BlackTeam "Rheine Klein Berlin II"]
[WhiteTeamCountry "GER"]
[BlackTeamCountry "GER"]

1. e4 e5 2. Nf3 Nc6 3. d4 exd4 4. Nxd4 d6 5. Be3 Bd7 6. c3 Nf6 7. Nd2 Be7 8. Bd3 Ne5 9. Bc2 c5 10. N4b3 Bb5 11. f3 Qc7 12. Bf4 Rd8 13. Kf2 0-0 14. Qe1 Nfd7 15. Qe3 Nf6 16. Bxe5 dxe5 17. c4 Ba4 18. Rad1 Bxb3 19. Nxb3 b6 20. Rd3 Rxd3 21. Bxd3 Rd8 22. Rd1 h6 23. Rd2 Nh5 24. Be2 Nf4 25. g3 Ne6 26. Rd5 Nd4 27. Qd3 f6 28. Nd2 Qc8 29. Bf1 Qe6 30. b3 Rf8 31. Kg1 Bd6 32. Bg2 Rd8 33. Nf1 Nc6 34. a3 Nd4 35. Ne3 g6 36. b4 Rd7 37. b5 Kg7 38. Nc2 h5 39. h4 Rf7 40. Kh2 Qe7 41. Ne3 Qc7 42. Nc2 Qb8 43. Nxd4 cxd4 44. Bh3 Qc7 45. a4 Qe7 46. Qc2 Qc7 47. a5 1/2-1/2